Imaginación y creación en la edad infantil / (Record no. 144514)

MARC details
000 -CABECERA
campo de control de longitud fija 00651nam a2200205 u 4500
005 - FECHA Y HORA DE LA ÚLTIMA TRANSACCIÓN
campo de control 20251111063907.0
008 - ELEMENTOS DE LONGITUD FIJA--INFORMACIÓN GENERAL
campo de control de longitud fija 090921s2000 ve r 000 0 spa d
020 ## - NÚMERO INTERNACIONAL NORMALIZADO PARA LIBROS
Número Internacional Estándar del Libro 9789802511969
035 ## - NÚMERO DE CONTROL DEL SISTEMA
Número de control de sistema UPN01000172410
049 ## - COLECCIÓN
Colección CG
050 #4 - SIGNATURA TOPOGRÁFICA DE LA BIBLIOTECA DEL CONGRESO
Número de clasificación BF723 I5
Número de documento/Ítem V9.45
100 1# - ASIENTO PRINCIPAL--NOMBRE PERSONAL
Nombre de persona Vygotski, Lev Semynovich,
Fechas asociadas al nombre 1896-1934
245 10 - MENCIÓN DE TÍTULO
Título Imaginación y creación en la edad infantil /
Mención de responsabilidad, etc. L. S. Vigotsky.
260 ## - PUBLICACIÓN, DISTRIBUCIÓN, ETC.
Lugar de publicación, distribución, etc. Caracas :
Nombre del editor, distribuidor, etc. Laboratorio Educativo,
Fecha de publicación, distribución, etc. [200-?].
300 ## - DESCRIPCIÓN FÍSICA
Extensión 118 p. :
Otras características físicas il.
440 #0 - MENCIÓN DE SERIE/ASIENTO SECUNDARIO--TÍTULO
Título Cuadernos de pedagogía ;
Designación de volumen o secuencia 15
650 #4 - ASIENTO SECUNDARIO DE MATERIA - TERMINO TEMATICO
Término de materia o nombre geográfico como elemento de entrada Imaginación en niños
9 (RLIN) 12146
650 #2 - ASIENTO SECUNDARIO DE MATERIA - TERMINO TEMATICO
Término de materia o nombre geográfico como elemento de entrada Creación (literaria, artística, etc.)
9 (RLIN) 5738
905 ## - TIPO DE MATERIAL
Tipo de material Libro
Holdings
Estado de retiro Estado de pérdida Fuente del sistema de clasificación o colocación Estado dañado No para préstamo Código de colección Localización permanente Ubicación/localización actual Ubicación en estantería Fecha de adquisición Total de préstamos Clasificación Código de barras Fecha visto por última vez Fecha del último préstamo Número de copia Tipo de ítem Koha Renovaciones totales
    Library of Congress Classification     Colección General Bib. Gregorio Torres Quintero Bib. Gregorio Torres Quintero Planta baja 05/10/2022 15 BF723 I5 V9.45 267769 18/04/2024 11/04/2024 1 Libro  
    Library of Congress Classification     Colección General Bib. Gregorio Torres Quintero Bib. Gregorio Torres Quintero Planta baja 16/01/2023 22 BF723 I5 V9.45 267767 02/05/2025 03/04/2025 1 Libro 1
    Library of Congress Classification     Colección General Bib. Gregorio Torres Quintero Bib. Gregorio Torres Quintero Planta baja   15 BF723 I5 V9.45 267768 04/11/2024 28/10/2024 1 Libro